<?xml version="1.0" encoding="UTF-8"?>
<record
    xmlns:xsi="http://www.w3.org/2001/XMLSchema-instance"
    xsi:schemaLocation="http://www.loc.gov/MARC21/slim http://www.loc.gov/standards/marcxml/schema/MARC21slim.xsd"
    xmlns="http://www.loc.gov/MARC21/slim">

  <leader>03974cam a22003975i 4500</leader>
  <controlfield tag="001">in01260000324</controlfield>
  <controlfield tag="003">OSt</controlfield>
  <controlfield tag="005">20260427115108.0</controlfield>
  <controlfield tag="007">t|</controlfield>
  <controlfield tag="008">260202s2026    enk      b    001 0 eng d</controlfield>
  <datafield tag="010" ind1=" " ind2=" ">
    <subfield code="a">  2026348018</subfield>
  </datafield>
  <datafield tag="020" ind1=" " ind2=" ">
    <subfield code="a">9781041102533</subfield>
    <subfield code="q">hardback</subfield>
  </datafield>
  <datafield tag="020" ind1=" " ind2=" ">
    <subfield code="a">9781041102601</subfield>
    <subfield code="q">paperback</subfield>
  </datafield>
  <datafield tag="020" ind1=" " ind2=" ">
    <subfield code="z">9781040433249</subfield>
    <subfield code="q">ePub ebook</subfield>
  </datafield>
  <datafield tag="020" ind1=" " ind2=" ">
    <subfield code="z">9781040433195</subfield>
    <subfield code="q">PDF ebook</subfield>
  </datafield>
  <datafield tag="040" ind1=" " ind2=" ">
    <subfield code="a">MMARA-U</subfield>
    <subfield code="b">eng</subfield>
    <subfield code="e">MMARA-U</subfield>
    <subfield code="c">MMARA-U</subfield>
    <subfield code="d">MMARA-U</subfield>
  </datafield>
  <datafield tag="050" ind1="1" ind2="4">
    <subfield code="a">K235</subfield>
    <subfield code="b">.E96 2026</subfield>
  </datafield>
  <datafield tag="245" ind1="0" ind2="4">
    <subfield code="a">The evolution of justice, equity and equality :</subfield>
    <subfield code="b">practical wisdom from the past /</subfield>
    <subfield code="c">edited by Iwona Barwicka-Tylek, Jan Halberda, Maciej Miku&#x142;a.</subfield>
  </datafield>
  <datafield tag="260" ind1=" " ind2=" ">
    <subfield code="a">London :</subfield>
    <subfield code="b">Routledge,</subfield>
    <subfield code="c">2026.</subfield>
  </datafield>
  <datafield tag="264" ind1=" " ind2="1">
    <subfield code="a">London :</subfield>
    <subfield code="b">Routledge,</subfield>
    <subfield code="c">2026.</subfield>
  </datafield>
  <datafield tag="300" ind1=" " ind2=" ">
    <subfield code="a">x, 203 pages :</subfield>
    <subfield code="c">24 cm</subfield>
  </datafield>
  <datafield tag="490" ind1="0" ind2=" ">
    <subfield code="a">Routledge studies in comparative legal history</subfield>
  </datafield>
  <datafield tag="500" ind1=" " ind2=" ">
    <subfield code="a">Includes bibliographical references and index.</subfield>
  </datafield>
  <datafield tag="504" ind1=" " ind2=" ">
    <subfield code="a">Includes bibliographical references and index.</subfield>
  </datafield>
  <datafield tag="505" ind1="0" ind2=" ">
    <subfield code="a">Introduction: Kaleidoscope / Iwona Barwicka-Tylek, Jan Halberda, and Maciej Miku&#x142;a -- 1. The historians craft and ethical values. A lesson from Aristotle / Iwona Barwicka-Tylek -- 2. Justice as an empty principle in post-structuralist legal thought. Towards neohistorical Jurisprudence? / Tom&#xE1;s G&#xE1;bri -- Part 1. Law &amp; Justice -- 3. The concept of justice in Polish municipal law in the 16th18th Centuries / Maciej Miku&#x142;a -- 4. Good morals as the yardstick of Cartels validity in Hungarian private law at the turn of the 20th Century / Norbert Varga -- Part 2. Law &amp; equity -- 5. Legitimacy and equity in the 11th century? Age-old Messages from Susali / Adrian Schmidt-Recla -- 6. Visions of equity / Guido Rossi -- 7. The concept of equity in Austrian private law. From the origins of the Austrian General Civil Code (ABGB) to the present day / Kamila Staudigl-Ciechowicz -- Part 3. Law &amp; equality -- 8. Liberty and inequality in Ciceros Oratio Pro Sestio / Francisco J. Andr&#xE9;s Santos -- 9. Equity and equality in Richard Franciss Maxims of Equity / Jan Halberda</subfield>
  </datafield>
  <datafield tag="520" ind1=" " ind2=" ">
    <subfield code="a">"This book presents a comprehensive exploration of historical perspectives on justice, equity, and equality, which have been, and still are, considered as the core values of any balanced political system. Combining historical methodology with wider philosophical and ethical insights, the volume offers a unique contribution to the fields of legal history, legal heritage, and legal culture. Bringing together scholars who specialise in different historical periods, the book covers a variety of concepts and practices, but also identifies some universal ideas about justice, equity, and equality that have been stimulating the development of the European political and legal tradition throughout the ages. In this way, it provides a multidisciplinary approach that advances the field of legal studies. By bridging the disciplines of history, law, and philosophy, the book demonstrates the interconnectedness of these fields and highlights how historical legal concepts can inform contemporary discussions. As such, it will be a valuable resource for academics and researchers working in these and related areas." -- The publisher.</subfield>
  </datafield>
  <datafield tag="650" ind1=" " ind2="0">
    <subfield code="a">Law</subfield>
    <subfield code="x">Philosophy</subfield>
    <subfield code="0">http://id.loc.gov/authorities/subjects/sh85075139</subfield>
    <subfield code="9">3185</subfield>
  </datafield>
  <datafield tag="650" ind1=" " ind2="0">
    <subfield code="a">Law</subfield>
    <subfield code="x">History</subfield>
    <subfield code="0">http://id.loc.gov/authorities/subjects/sh85075133</subfield>
    <subfield code="9">3186</subfield>
  </datafield>
  <datafield tag="650" ind1=" " ind2="6">
    <subfield code="a">Droit</subfield>
    <subfield code="x">Histoire</subfield>
    <subfield code="9">3187</subfield>
  </datafield>
  <datafield tag="650" ind1=" " ind2="7">
    <subfield code="a">Law</subfield>
    <subfield code="x">Philosophy</subfield>
    <subfield code="2">fast</subfield>
    <subfield code="9">3185</subfield>
  </datafield>
  <datafield tag="650" ind1=" " ind2="7">
    <subfield code="a">Law</subfield>
    <subfield code="x">History</subfield>
    <subfield code="2">fast</subfield>
    <subfield code="0">http://id.worldcat.org/fast/993743</subfield>
    <subfield code="0">(OCoLC)fst00993743</subfield>
    <subfield code="9">3186</subfield>
  </datafield>
  <datafield tag="700" ind1="1" ind2=" ">
    <subfield code="a">Halberda, Jan</subfield>
    <subfield code="e">editor</subfield>
    <subfield code="4">http://id.loc.gov/vocabulary/relators/edt</subfield>
    <subfield code="9">3188</subfield>
  </datafield>
  <datafield tag="700" ind1="1" ind2=" ">
    <subfield code="a">Miku&#x142;a, Maciej</subfield>
    <subfield code="e">editor</subfield>
    <subfield code="4">http://id.loc.gov/vocabulary/relators/edt</subfield>
    <subfield code="0">http://id.loc.gov/authorities/names/no2017118305</subfield>
    <subfield code="9">3189</subfield>
  </datafield>
  <datafield tag="776" ind1="1" ind2=" ">
    <subfield code="i">Ebook version</subfield>
    <subfield code="4">http://id.loc.gov/entities/relationships/ebookversion</subfield>
    <subfield code="t">The evolution of justice, equity and equality : practical wisdom from the past</subfield>
    <subfield code="z">9781040433249</subfield>
  </datafield>
  <datafield tag="942" ind1=" " ind2=" ">
    <subfield code="2">lcc</subfield>
    <subfield code="c">LOAN LOAN</subfield>
  </datafield>
  <datafield tag="999" ind1=" " ind2=" ">
    <subfield code="c">33535</subfield>
    <subfield code="d">33532</subfield>
  </datafield>
  <datafield tag="952" ind1=" " ind2=" ">
    <subfield code="0">0</subfield>
    <subfield code="1">0</subfield>
    <subfield code="2">lcc</subfield>
    <subfield code="4">0</subfield>
    <subfield code="7">0</subfield>
    <subfield code="a">MMU001</subfield>
    <subfield code="b">MMU001</subfield>
    <subfield code="d">2026-04-27</subfield>
    <subfield code="e">Donation</subfield>
    <subfield code="g">33405.17</subfield>
    <subfield code="l">0</subfield>
    <subfield code="o">K 235 .E96 2026</subfield>
    <subfield code="p">26040828</subfield>
    <subfield code="r">2026-04-27 11:54:29</subfield>
    <subfield code="w">2026-04-27</subfield>
    <subfield code="y">LOAN LOAN</subfield>
  </datafield>
</record>
